Niektoré pohľady na ekonomické zásahy štátu do národného hospodárstva v podmienkach trhovej ekonomiky

V systéme trhového hospodárstva sa uznávajú 3 funkcie štátu zamerané na riešenie problémov v národnom hospodárstve: efektívnosť, rovnosť - spravodlivosť, stabilita. Sú základom chápania ekonomických zásahov štátu do národného hospodárstva. Trojrozmernosť ekonomických zásahov: vzťah štátu k mene a k...

Descrizione completa

Salvato in:
Dettagli Bibliografici
Autore principale: Pancák, M.
Natura: Capitolo di libro
Lingua:slovacco
Soggetti:
Tags: Aggiungi Tag
Nessun Tag, puoi essere il primo ad aggiungerne!!

MARC

LEADER 00000naa a2200000 4500
001 r015330
005 20221205090154.9
041 0 |a slo 
044 |a SK 
245 1 0 |a Niektoré pohľady na ekonomické zásahy štátu do národného hospodárstva v podmienkach trhovej ekonomiky  |c M. Pancák 
520 |a V systéme trhového hospodárstva sa uznávajú 3 funkcie štátu zamerané na riešenie problémov v národnom hospodárstve: efektívnosť, rovnosť - spravodlivosť, stabilita. Sú základom chápania ekonomických zásahov štátu do národného hospodárstva. Trojrozmernosť ekonomických zásahov: vzťah štátu k mene a k financiám, vzťah štátu k produktivite a k efektívnosti, vzťah štátu k sociálnym otázkam vyplývajúcim z jeho funkcie starostlivosti o rovnosť (spravodlivosť). 
610 2 0 |a hospodárstvo trhové 
610 2 0 |a hospodárstvo národné 
610 2 0 |a štát 
610 2 0 |a mena 
610 2 0 |a financie štátne 
610 2 0 |a produktivita práce spoločenská 
610 2 0 |a efektívnosť ekonomická 
610 2 0 |a politika sociálna 
100 1 |a Pancák, M.